[Event "Central London Open"]
[Site "London"]
[Date "2022.11.04"]
[Round "1.1"]
[White "Xaxiris, E."]
[Black "Radovanovic, Jovica"]
[Result "1/2-1/2"]
[WhiteElo "1979"]
[BlackElo "2313"]
[PlyCount "87"]
[EventDate "2022.11.04"]
[EventType "swiss"]
[EventRounds "5"]
[EventCountry "ENG"]
[SourceTitle "BritBase"]
[Source "John Saunders"]
[SourceDate "2023.06.01"]
[SourceVersion "1"]
[SourceVersionDate "2023.06.01"]
[SourceQuality "1"]

1. d4 Nf6 2. c4 g6 3. Nc3 Bg7 4. e4 d6 5. f3 O-O 6. Bg5 Nbd7 7. Qd2 a6 8. a4 e5
9. d5 Nc5 10. Ra3 a5 11. Nb5 c6 12. Nc3 Qb6 13. Be3 Qb4 14. Nge2 Bd7 15. Nc1
cxd5 16. cxd5 Nh5 17. Bb5 Bxb5 18. Nxb5 Nxa4 19. Qxb4 axb4 20. Rb3 Rfc8 21. O-O
Rc2 22. Rxb4 Nxb2 23. Rf2 Rxf2 24. Bxf2 Ra1 25. Be3 Nd3 26. Rc4 Nhf4 27. Rc8+
Bf8 28. g3 Nxc1 29. gxf4 Nd3+ 30. Kg2 Ra2+ 31. Kg1 exf4 32. Bd4 Ne1 33. Rc3 f6
34. Bxf6 Kf7 35. Bg5 Rg2+ 36. Kf1 Rxg5 37. Kxe1 Kf6 38. Kf1 Re5 39. Rc8 Be7 40.
Rb8 Rh5 41. Kg2 Rg5+ 42. Kf2 Rh5 43. Kg2 Rg5+ 44. Kf2 1/2-1/2

[Event "Central London Open"]
[Site "London"]
[Date "2022.11.04"]
[Round "1.2"]
[White "Chan, Kim Yew"]
[Black "Millward, Kevin P"]
[Result "1-0"]
[WhiteElo "2312"]
[BlackElo "1928"]
[PlyCount "57"]
[EventDate "2022.11.04"]
[EventType "swiss"]
[EventRounds "5"]
[EventCountry "ENG"]
[SourceTitle "BritBase"]
[Source "John Saunders"]
[SourceDate "2023.06.01"]
[SourceVersion "1"]
[SourceVersionDate "2023.06.01"]
[SourceQuality "1"]

1. Nf3 d6 2. d4 Nf6 3. c4 c6 4. Nc3 Bg4 5. Bg5 Nbd7 6. e3 e5 7. Be2 Be7 8. Qc2
Qc7 9. O-O h6 10. Bh4 g5 11. Bg3 Nh5 12. h3 Nxg3 13. fxg3 Be6 14. Rad1 Nf6 15.
g4 O-O-O 16. b4 Rdg8 17. b5 h5 18. bxc6 bxc6 19. c5 e4 20. cxd6 Bxd6 21. Ne5
Nd7 22. Nxe4 Bxe5 23. dxe5 Kb8 24. Nd6 hxg4 25. Bxg4 Bxg4 26. hxg4 Rg7 27. Nxf7
Rhh7 28. Qb3+ Ka8 29. Qe6 1-0

[Event "Central London Open"]
[Site "London"]
[Date "2022.11.04"]
[Round "1.3"]
[White "Chauhan, Pranay"]
[Black "Chapman, Terry P D"]
[Result "1-0"]
[WhiteElo "1923"]
[BlackElo "2216"]
[PlyCount "105"]
[EventDate "2022.11.04"]
[EventType "swiss"]
[EventRounds "5"]
[EventCountry "ENG"]
[SourceTitle "BritBase"]
[Source "John Saunders"]
[SourceDate "2023.06.01"]
[SourceVersion "1"]
[SourceVersionDate "2023.06.01"]
[SourceQuality "1"]

1. Nf3 c5 2. g3 Nc6 3. Bg2 g6 4. O-O Bg7 5. e4 e5 6. d3 Nge7 7. Nbd2 O-O 8. Re1
Re8 9. Nc4 d5 10. exd5 Nxd5 11. Ng5 f5 12. c3 h6 13. Nf3 Nb6 14. Ne3 Be6 15.
Qc2 Qd7 16. a4 Rad8 17. a5 Nd5 18. Nc4 Bf7 19. Qa4 Nc7 20. Bf1 Na6 21. Nfd2 Kh7
22. Nb3 Bf8 23. Be3 f4 24. Bc1 g5 25. Nbd2 Nc7 26. Ne4 Be7 27. Ned2 Bf8 28. Ne4
Kg7 29. b3 Rb8 30. Qa2 Nd5 31. Qc2 Bg6 32. Bb2 b6 33. axb6 axb6 34. Bg2 g4 35.
Ncd2 Be7 36. Rad1 Rf8 37. Qc1 Rbe8 38. Nc4 Kg8 39. Qa1 Ra8 40. Qc1 h5 41. d4
cxd4 42. cxd4 Bb4 43. dxe5 f3 44. Qh6 Qh7 45. Qg5 Rf5 46. Rxd5 Qf7 47. Nf6+
Rxf6 48. exf6 Bxe1 49. Rd7 Qxd7 50. Qxg6+ Kf8 51. Nd6 Nd8 52. Qh6+ Kg8 53. f7+
1-0

[Event "Central London Open"]
[Site "London"]
[Date "2022.11.04"]
[Round "1.4"]
[White "Bonn, Thomas"]
[Black "Dishman, Matthew"]
[Result "1-0"]
[WhiteElo "2189"]
[BlackElo "1914"]
[PlyCount "71"]
[EventDate "2022.11.04"]
[EventType "swiss"]
[EventRounds "5"]
[EventCountry "ENG"]
[SourceTitle "BritBase"]
[Source "John Saunders"]
[SourceDate "2023.06.01"]
[SourceVersion "1"]
[SourceVersionDate "2023.06.01"]
[SourceQuality "1"]

1. d4 Nf6 2. Nf3 e6 3. c4 c5 4. d5 exd5 5. cxd5 d6 6. Nc3 g6 7. Nd2 Bg7 8. Nc4
O-O 9. g3 a6 10. a4 Nh5 11. Ne4 Nd7 12. Nexd6 Ne5 13. Bg2 Nxc4 14. Nxc4 Rb8 15.
O-O Bd7 16. Qc2 b5 17. axb5 axb5 18. Na5 Ra8 19. Nb7 Qb6 20. Rxa8 Rxa8 21. Nxc5
Bf5 22. e4 Bd4 23. Nb3 Bd7 24. Nxd4 Qxd4 25. Be3 Qb4 26. Bc5 Qc4 27. Qxc4 bxc4
28. Rc1 Bb5 29. Bd4 f6 30. f4 Kf7 31. e5 Rc8 32. Ra1 g5 33. e6+ Kg6 34. fxg5
Kxg5 35. Ra5 Be8 36. d6+ 1-0

[Event "Central London Open"]
[Site "London"]
[Date "2022.11.04"]
[Round "1.5"]
[White "Khovanskiy, Maxim"]
[Black "Hill, Alistair"]
[Result "1/2-1/2"]
[WhiteElo "1911"]
[BlackElo "2171"]
[PlyCount "69"]
[EventDate "2022.11.04"]
[EventType "swiss"]
[EventRounds "5"]
[EventCountry "ENG"]
[SourceTitle "BritBase"]
[Source "John Saunders"]
[SourceDate "2023.06.01"]
[SourceVersion "1"]
[SourceVersionDate "2023.06.01"]
[SourceQuality "1"]

1. e4 c5 2. Nf3 e6 3. d4 cxd4 4. Nxd4 Nf6 5. Nc3 Nc6 6. a3 Be7 7. Be2 O-O 8.
O-O d6 9. Be3 Bd7 10. f4 Nxd4 11. Bxd4 Bc6 12. Bd3 Nd7 13. Qh5 Bf6 14. e5 g6
15. Qe2 Bg7 16. Rad1 Qc7 17. Rfe1 Rfd8 18. Qe3 dxe5 19. fxe5 Nb6 20. Bc5 Nd5
21. Nxd5 Bxd5 22. Bxa7 Rxa7 23. Qxa7 Bxe5 24. h3 Bxb2 25. Be4 Bc3 26. Re3 Ba5
27. Rb1 Bd2 28. Re2 Bc4 29. Bd3 Bxd3 30. cxd3 Rxd3 31. Qxb7 Be3+ 32. Kh1 Rd1+
33. Rxd1 Qxb7 34. Rxe3 Qa7 35. Rb3 1/2-1/2

[Event "Central London Open"]
[Site "London"]
[Date "2022.11.04"]
[Round "1.6"]
[White "Farrand, Tom"]
[Black "Wells, Tony D"]
[Result "1-0"]
[WhiteElo "2137"]
[BlackElo "1835"]
[PlyCount "34"]
[EventDate "2022.11.04"]
[EventType "swiss"]
[EventRounds "5"]
[EventCountry "ENG"]
[SourceTitle "BritBase"]
[Source "John Saunders"]
[SourceDate "2023.06.01"]
[SourceVersion "1"]
[SourceVersionDate "2023.06.01"]
[SourceQuality "1"]

1. c4 d6 2. Nc3 Nf6 3. g3 c6 4. Bg2 h5 5. Nf3 Bg4 6. d3 Nbd7 7. h3 Bxf3 8. Bxf3
e5 9. Bd2 Be7 10. b4 Qc7 11. Rb1 Rc8 12. O-O Nf8 13. Qa4 Ne6 14. Qxa7 g5 15. b5
g4 16. bxc6 gxf3 17. cxb7 Nd8 1-0

[Event "Central London Open"]
[Site "London"]
[Date "2022.11.04"]
[Round "1.7"]
[White "Lundback, Anders"]
[Black "Lentzos, Ioanis"]
[Result "1-0"]
[WhiteElo "1811"]
[BlackElo "2134"]
[PlyCount "97"]
[EventDate "2022.11.04"]
[EventType "swiss"]
[EventRounds "5"]
[EventCountry "ENG"]
[SourceTitle "BritBase"]
[Source "John Saunders"]
[SourceDate "2023.06.01"]
[SourceVersion "1"]
[SourceVersionDate "2023.06.01"]
[SourceQuality "1"]

1. d4 Nf6 2. c4 e6 3. g3 d5 4. Nf3 dxc4 5. Bg2 c5 6. O-O Nc6 7. dxc5 Qxd1 8.
Rxd1 Bxc5 9. Nbd2 c3 10. bxc3 O-O 11. Nb3 Be7 12. Nfd4 Nxd4 13. cxd4 Nd5 14. e4
Nc3 15. Rd3 Ne2+ 16. Kh1 Bd7 17. Bd2 Bb5 18. Re3 Rfd8 19. d5 exd5 20. Bf1 Bf6
21. Rb1 d4 22. Rxe2 Bxe2 23. Bxe2 d3 24. Bd1 Rac8 25. f4 Bc3 26. Bxc3 Rxc3 27.
Kg2 b5 28. Kf2 a5 29. Ke3 a4 30. Nd2 Ra3 31. Rb2 g5 32. Nb1 gxf4+ 33. gxf4 b4
34. Nxa3 bxa3 35. Rg2+ Kf8 36. Bxa4 Ke7 37. Rd2 f5 38. e5 Rb8 39. Bb3 Rb4 40.
Rxd3 Re4+ 41. Kf3 Re1 42. e6 Rf1+ 43. Kg3 Rg1+ 44. Kf2 Rg4 45. Kf3 Rg1 46. Rd7+
Kf6 47. Rxh7 Rh1 48. e7 Re1 49. Ba4 1-0

[Event "Central London Open"]
[Site "London"]
[Date "2022.11.04"]
[Round "1.8"]
[White "Onslow, Alfie"]
[Black "Folliard, James"]
[Result "1-0"]
[WhiteElo "2115"]
[BlackElo "1687"]
[PlyCount "63"]
[EventDate "2022.11.04"]
[EventType "swiss"]
[EventRounds "5"]
[EventCountry "ENG"]
[SourceTitle "BritBase"]
[Source "John Saunders"]
[SourceDate "2023.06.01"]
[SourceVersion "1"]
[SourceVersionDate "2023.06.01"]
[SourceQuality "1"]

1. e4 e5 2. Nf3 Nc6 3. Bc4 Nf6 4. d3 h6 5. O-O Bc5 6. c3 d6 7. a4 a6 8. Nbd2
O-O 9. h3 Ne7 10. Re1 Ng6 11. Nf1 Re8 12. Ng3 d5 13. exd5 Nxd5 14. d4 Ba7 15.
Nxe5 Nxe5 16. dxe5 Be6 17. Qf3 c6 18. Nh5 Qh4 19. Re4 Qe7 20. Qg3 g5 21. Bxd5
Bxd5 22. Nf6+ Qxf6 23. exf6 Bxe4 24. Bxg5 Bg6 25. Bxh6 Re2 26. Be3 Bb8 27. Qh4
Bd6 28. b4 Re8 29. Rd1 Be5 30. Qg5 Bxc3 31. h4 Kh7 32. Qh6+ 1-0

[Event "Central London Open"]
[Site "London"]
[Date "2022.11.04"]
[Round "1.9"]
[White "Todd, Jamie"]
[Black "Lucchi, Lorenzo"]
[Result "0-1"]
[WhiteElo "1678"]
[BlackElo "2111"]
[PlyCount "72"]
[EventDate "2022.11.04"]
[EventType "swiss"]
[EventRounds "5"]
[EventCountry "ENG"]
[SourceTitle "BritBase"]
[Source "John Saunders"]
[SourceDate "2023.06.01"]
[SourceVersion "1"]
[SourceVersionDate "2023.06.01"]
[SourceQuality "1"]

1. e4 e5 2. Nf3 Nc6 3. Bc4 Bc5 4. c3 Nf6 5. d4 exd4 6. e5 d5 7. Bb5 Ne4 8. cxd4
Bb4+ 9. Nbd2 O-O 10. O-O Bg4 11. Qa4 a5 12. Bxc6 bxc6 13. Qxc6 Nxd2 14. Nxd2
Rb8 15. a3 Rb6 16. Qc2 Be7 17. Nb3 Rg6 18. Qc3 a4 19. Nc5 Bxc5 20. dxc5 d4 21.
Qd3 Qd5 22. f3 Bh3 23. Rf2 Qxe5 24. Bd2 Qd5 25. Rc1 Re8 26. Qc4 Qe5 27. Qxa4 h5
28. Kf1 Rxg2 29. Qxe8+ Qxe8 30. Rxg2 Bxg2+ 31. Kf2 Bh3 32. b4 Qe5 33. f4 Qe4
34. Rg1 Qc2 35. Ke2 Bg4+ 36. Ke1 Qd1+ 0-1

[Event "Central London Open"]
[Site "London"]
[Date "2022.11.04"]
[Round "1.10"]
[White "Tozer, Philip A A"]
[Black "Bastianello, Federico"]
[Result "1-0"]
[WhiteElo "2082"]
[BlackElo "1664"]
[PlyCount "89"]
[EventDate "2022.11.04"]
[EventType "swiss"]
[EventRounds "5"]
[EventCountry "ENG"]
[SourceTitle "BritBase"]
[Source "John Saunders"]
[SourceDate "2023.06.01"]
[SourceVersion "1"]
[SourceVersionDate "2023.06.01"]
[SourceQuality "1"]

1. c4 e6 2. g3 c5 3. Bg2 Nc6 4. Nf3 g6 5. d4 cxd4 6. Nxd4 Nxd4 7. Qxd4 Qf6 8.
Qxf6 Nxf6 9. Nc3 Bb4 10. Bd2 Ke7 11. a3 Bxc3 12. Bxc3 Rd8 13. Ba5 Rg8 14. O-O
d5 15. Bb4+ Ke8 16. Rac1 a5 17. Bc3 Ne4 18. cxd5 exd5 19. Bxa5 Bd7 20. Bb4 Bc6
21. Rfd1 f5 22. f3 Nf6 23. Kf2 Kf7 24. Bc3 Rge8 25. Bxf6 Kxf6 26. Rc3 Re7 27.
e3 Rae8 28. Rd4 g5 29. b4 Ke6 30. Bf1 Kd6 31. b5 Bd7 32. Bc4 Be6 33. Rcd3 Kc5
34. Bxd5 Kxb5 35. Rb4+ Ka6 36. Rdb3 b5 37. Bxe6 Rxe6 38. Rxb5 Rxe3 39. Rxe3
Rxe3 40. Kxe3 Kxb5 41. Kd4 f4 42. gxf4 gxf4 43. Ke4 Ka4 44. Kxf4 Kxa3 45. Ke5
1-0

[Event "Central London Open"]
[Site "London"]
[Date "2022.11.04"]
[Round "1.11"]
[White "Jiping, Li"]
[Black "Wilks, Simon"]
[Result "0-1"]
[WhiteElo "1658"]
[BlackElo "2061"]
[PlyCount "62"]
[EventDate "2022.11.04"]
[EventType "swiss"]
[EventRounds "5"]
[EventCountry "ENG"]
[SourceTitle "BritBase"]
[Source "John Saunders"]
[SourceDate "2023.06.01"]
[SourceVersion "1"]
[SourceVersionDate "2023.06.01"]
[SourceQuality "1"]

1. Nf3 d5 2. c4 e6 3. cxd5 exd5 4. Nc3 Nf6 5. e4 Nxe4 6. Nxe4 dxe4 7. Qa4+ c6
8. Qxe4+ Qe7 9. d3 Bf5 10. Qxe7+ Bxe7 11. Be2 O-O 12. O-O Nd7 13. Be3 Nb6 14.
Nd4 Bg6 15. f4 Nd5 16. Bd2 Bc5 17. Bc3 Rfe8 18. Rf2 Nxf4 19. Rxf4 Rxe2 20. Kf1
Re5 21. Ne2 Re3 22. d4 Bd6 23. Rf3 Rxf3+ 24. gxf3 Bd3 25. Kf2 Bxe2 26. Kxe2
Bxh2 27. Rh1 Bf4 28. Kd3 Re8 29. Kc4 f6 30. a4 Kf7 31. Rxh7 Bh6 0-1

[Event "Central London Open"]
[Site "London"]
[Date "2022.11.04"]
[Round "1.12"]
[White "Voecks, Ryan"]
[Black "Alldritt, Nigel R E"]
[Result "1/2-1/2"]
[WhiteElo "1510"]
[BlackElo "2014"]
[PlyCount "65"]
[EventDate "2022.11.04"]
[EventType "swiss"]
[EventRounds "5"]
[EventCountry "ENG"]
[SourceTitle "BritBase"]
[Source "John Saunders"]
[SourceDate "2023.06.01"]
[SourceVersion "1"]
[SourceVersionDate "2023.06.01"]
[SourceQuality "1"]

1. e4 e6 2. d4 d5 3. Nc3 Bb4 4. e5 c5 5. a3 Bxc3+ 6. bxc3 Ne7 7. Qg4 O-O 8. Nf3
Qa5 9. Bd2 c4 10. h4 Nbc6 11. h5 f5 12. Qf4 Qa4 13. Kd1 Bd7 14. Rh3 b5 15. Rg3
a5 16. Rb1 Qxa3 17. Nh4 Rab8 18. Be2 Rf7 19. h6 g6 20. Bh5 Kf8 21. Nxg6+ Nxg6
22. Bxg6 hxg6 23. Rxg6 Ne7 24. Qg5 Nxg6 25. Qxg6 Qe7 26. Bg5 Qe8 27. h7 Rxh7
28. Qxh7 Qf7 29. Qh8+ Qg8 30. Qf6+ Qf7 31. Qh8+ Qg8 32. Qf6+ Qf7 33. Qh8+
1/2-1/2

[Event "Central London Open"]
[Site "London"]
[Date "2022.11.04"]
[Round "1.13"]
[White "Briggs, John Nicholas"]
[Black "Barbero, Federico"]
[Result "1-0"]
[WhiteElo "2010"]
[BlackElo "1410"]
[PlyCount "149"]
[EventDate "2022.11.04"]
[EventType "swiss"]
[EventRounds "5"]
[EventCountry "ENG"]
[SourceTitle "BritBase"]
[Source "John Saunders"]
[SourceDate "2023.06.01"]
[SourceVersion "1"]
[SourceVersionDate "2023.06.01"]
[SourceQuality "1"]

1. Nf3 Nf6 2. d3 d5 3. Nbd2 Nbd7 4. e4 e5 5. Be2 Bd6 6. c3 dxe4 7. dxe4 Nc5 8.
Qc2 Bd7 9. b4 Ba4 10. Qb1 Ncd7 11. O-O O-O 12. Re1 b5 13. Nf1 h6 14. Ng3 c5 15.
Nf5 Be7 16. h3 Re8 17. Be3 Bf8 18. Bd1 Bxd1 19. Rxd1 Qc7 20. a4 bxa4 21. Rxa4
Nb6 22. Ra2 cxb4 23. cxb4 Qc4 24. Nd2 Qxb4 25. Rb2 Qa4 26. Bxb6 axb6 27. Rxb6
Rab8 28. Rxb8 Rxb8 29. Qxb8 Qxd1+ 30. Nf1 Nd7 31. Qe8 Kh7 32. Qxf7 Qa4 33. N1g3
Qc6 34. h4 Qc1+ 35. Kh2 Nf6 36. f3 Qc8 37. h5 Qe8 38. Qxe8 Nxe8 39. Nh4 Nf6 40.
Nhf5 Kg8 41. Kh3 Bb4 42. Nh4 Be1 43. Ng6 Bxg3 44. Kxg3 Nxh5+ 45. Kg4 Nf6+ 46.
Kf5 Kf7 47. Nxe5+ Ke7 48. Ng4 Nd7 49. Kg6 Kf8 50. f4 Kg8 51. e5 Nf8+ 52. Kf5
Kf7 53. Ne3 Ne6 54. Ke4 g6 55. g4 h5 56. gxh5 gxh5 57. f5 Nc5+ 58. Kd5 Nd3 59.
Ke4 Nf2+ 60. Kf3 Nd3 61. Nc4 Nc5 62. Kf4 Kg7 63. Kg5 h4 64. Kxh4 Kh6 65. Kg4
Nd3 66. e6 Kg7 67. Kg5 Nc5 68. f6+ Kg8 69. Kf5 Nb7 70. Ke5 Nc5 71. Nb6 Nd3+ 72.
Kd6 Nf4 73. Nd7 Ng6 74. e7 Kf7 75. Ne5+ 1-0

[Event "Central London Open"]
[Site "London"]
[Date "2022.11.04"]
[Round "1.14"]
[White "Rahman, Faraz"]
[Black "Grigoryan, Meri"]
[Result "0-1"]
[WhiteElo "1356"]
[BlackElo "1990"]
[PlyCount "58"]
[EventDate "2022.11.04"]
[EventType "swiss"]
[EventRounds "5"]
[EventCountry "ENG"]
[SourceTitle "BritBase"]
[Source "John Saunders"]
[SourceDate "2023.06.01"]
[SourceVersion "1"]
[SourceVersionDate "2023.06.01"]
[SourceQuality "1"]

1. c4 e5 2. g3 Nc6 3. Bg2 Nf6 4. d3 d5 5. cxd5 Nxd5 6. Nc3 Nb6 7. Nf3 Bc5 8.
Ne4 Bb4+ 9. Bd2 Bxd2+ 10. Qxd2 O-O 11. h4 Bf5 12. Nh2 Bxe4 13. Bxe4 f5 14. Bxc6
bxc6 15. Qc3 Qd5 16. Qb3 Kh8 17. O-O Qd6 18. Nf3 Rae8 19. Ng5 Qg6 20. Kg2 h6
21. Rh1 f4 22. g4 Nd5 23. Rac1 hxg5 24. hxg5+ Kg8 25. e3 fxe3 26. fxe3 Qxg5 27.
Rh3 Qxg4+ 28. Rg3 Qe2+ 29. Kh3 Kf7 0-1

[Event "Central London Open"]
[Site "London"]
[Date "2022.11.04"]
[Round "1.15"]
[White "Iyengar, Ilya"]
[Black "Kansara, Jash"]
[Result "1-0"]
[WhiteElo "1979"]
[BlackElo "1207"]
[PlyCount "81"]
[EventDate "2022.11.04"]
[EventType "swiss"]
[EventRounds "5"]
[EventCountry "ENG"]
[SourceTitle "BritBase"]
[Source "John Saunders"]
[SourceDate "2023.06.01"]
[SourceVersion "1"]
[SourceVersionDate "2023.06.01"]
[SourceQuality "1"]

1. d4 d5 2. Nf3 Nf6 3. c4 e6 4. cxd5 exd5 5. Bg5 Be7 6. Qc2 O-O 7. e3 Ne4 8.
Bxe7 Qxe7 9. Bd3 f5 10. O-O c6 11. Nc3 Be6 12. Ne2 g5 13. Rfe1 Nd7 14. Rab1 Rf6
15. Bxe4 fxe4 16. Nxg5 Bg4 17. Nf4 h6 18. Ngh3 Raf8 19. b4 Nb6 20. Rb3 Nc4 21.
b5 Bxh3 22. Nxh3 Na3 23. Qc5 Qxc5 24. dxc5 Nxb5 25. a4 Nc7 26. Rxb7 Ne6 27. Rc1
R6f7 28. Rb4 Rf6 29. Kf1 Kg7 30. Ke2 Kg6 31. g3 Kg7 32. Nf4 Kh7 33. Rb7+ Kg8
34. Rxa7 Ng5 35. Rb1 Nf3 36. Rbb7 Ng5 37. Rg7+ Kh8 38. Ng6+ Rxg6 39. Rxg6 Nf7
40. Rf6 Kg7 41. Rfxf7+ 1-0

[Event "Central London Open"]
[Site "London"]
[Date "2022.11.06"]
[Round "1.16"]
[White "Rogers, Tim L"]
[Black "Jain, Gautam"]
[Result "0-1"]
[WhiteElo "2019"]
[BlackElo "1900"]
[PlyCount "46"]
[EventDate "2022.11.04"]
[EventType "swiss"]
[EventRounds "5"]
[EventCountry "ENG"]
[SourceTitle "BritBase"]
[Source "John Saunders"]
[SourceDate "2023.06.01"]
[SourceVersion "1"]
[SourceVersionDate "2023.06.01"]
[SourceQuality "1"]

1. e4 e5 2. Nf3 Nc6 3. Bc4 Nf6 4. d3 h6 5. c3 d6 6. Bb3 g5 7. Nbd2 g4 8. Ng1
Bg7 9. Nf1 Ne7 10. Ne3 h5 11. h3 d5 12. hxg4 hxg4 13. Rxh8+ Bxh8 14. exd5 Nexd5
15. Bxd5 Nxd5 16. Nxg4 Qh4 17. Qf3 Bxg4 18. Qxd5 c6 19. Qc4 O-O-O 20. Be3 Bf6
21. Kd2 Bg5 22. Qxf7 Bf4 23. Ne2 Qxf2 0-1

[Event "Central London Open"]
[Site "London"]
[Date "2022.11.05"]
[Round "2.1"]
[White "Wilks, Simon"]
[Black "Chan, Kim Yew"]
[Result "0-1"]
[WhiteElo "2061"]
[BlackElo "2312"]
[PlyCount "76"]
[EventDate "2022.11.04"]
[EventType "swiss"]
[EventRounds "5"]
[EventCountry "ENG"]
[SourceTitle "BritBase"]
[Source "John Saunders"]
[SourceDate "2023.06.01"]
[SourceVersion "1"]
[SourceVersionDate "2023.06.01"]
[SourceQuality "1"]

1. e4 c5 2. Nf3 e6 3. b3 a6 4. Bb2 Nc6 5. c4 Qc7 6. g3 Nf6 7. e5 Ng4 8. Qe2 b5
9. Bh3 h5 10. Na3 Bb7 11. O-O Nd4 12. Nxd4 cxd4 13. cxb5 d3 14. Qxd3 Nxe5 15.
Bxe5 Qxe5 16. Nc4 Qxb5 17. Nd6+ Bxd6 18. Qxd6 h4 19. Bg2 hxg3 20. hxg3 Bxg2 21.
Kxg2 Qb7+ 22. f3 Qb5 23. d3 Qg5 24. g4 Rc8 25. Rh1 Rh6 26. Kg3 e5 27. Rxh6 Qf4+
28. Kh4 gxh6 29. Rh1 Rc2 30. Rh3 Qg5+ 31. Kg3 Qf4+ 32. Kh4 Rg2 33. Qb8+ Ke7 34.
Qg8 Rxa2 35. Qg7 Rd2 36. Kh5 Rxd3 37. Qxh6 Qxh6+ 38. Kxh6 Rxb3 0-1

[Event "Central London Open"]
[Site "London"]
[Date "2022.11.05"]
[Round "2.3"]
[White "Briggs, John Nicholas"]
[Black "Farrand, Tom"]
[Result "0-1"]
[WhiteElo "2010"]
[BlackElo "2137"]
[PlyCount "118"]
[EventDate "2022.11.04"]
[EventType "swiss"]
[EventRounds "5"]
[EventCountry "ENG"]
[SourceTitle "BritBase"]
[Source "John Saunders"]
[SourceDate "2023.06.01"]
[SourceVersion "1"]
[SourceVersionDate "2023.06.01"]
[SourceQuality "1"]

1. Nf3 e6 2. d3 c5 3. e4 Nc6 4. Nbd2 d6 5. c3 g6 6. Be2 Bg7 7. O-O Nge7 8. Re1
O-O 9. Bf1 Rb8 10. Nb3 e5 11. d4 cxd4 12. cxd4 Bg4 13. d5 Na5 14. Nbd2 b6 15.
h3 Bc8 16. b4 Nb7 17. Nb1 h6 18. Nc3 f5 19. Nd2 Kh8 20. f3 Ng8 21. Nb5 Ra8 22.
Qc2 Rf7 23. Bb2 a6 24. Nc3 Nf6 25. exf5 gxf5 26. f4 e4 27. Nc4 b5 28. Ne3 Nh5
29. Qf2 Bf6 30. Be2 Ng7 31. g3 Bd7 32. Rac1 Rc8 33. Ncd1 Rxc1 34. Bxc1 Be8 35.
Bb2 Rc7 36. Bxf6 Qxf6 37. g4 Nd8 38. Kh1 Bf7 39. Rg1 Bg8 40. Qg2 Bh7 41. g5 Qg6
42. Qf1 Nf7 43. h4 Rc1 44. Qe1 Nh5 45. Qf2 Ng7 46. a4 bxa4 47. Bxa6 hxg5 48.
fxg5 a3 49. Qd2 Rb1 50. Be2 f4 51. Qa2 Rxb4 52. Qxa3 Rb8 53. Qa7 Rg8 54. Qa1
Ne5 55. Nc4 f3 56. Nxe5 dxe5 57. Ne3 Qh5 58. Qe1 fxe2 59. Rg2 Nf5 0-1

[Event "Central London Open"]
[Site "London"]
[Date "2022.11.05"]
[Round "2.4"]
[White "Grigoryan, Meri"]
[Black "Onslow, Alfie"]
[Result "0-1"]
[WhiteElo "1990"]
[BlackElo "2115"]
[PlyCount "91"]
[EventDate "2022.11.04"]
[EventType "swiss"]
[EventRounds "5"]
[EventCountry "ENG"]
[SourceTitle "BritBase"]
[Source "John Saunders"]
[SourceDate "2023.06.01"]
[SourceVersion "1"]
[SourceVersionDate "2023.06.01"]
[SourceQuality "1"]

1. Nf3 d5 2. d4 Nf6 3. e3 c5 4. c3 cxd4 5. exd4 Nc6 6. Bd3 Bg4 7. Nbd2 e6 8.
Qa4 Qc7 9. Ne5 Bd6 10. Ndf3 Bxf3 11. Nxf3 h6 12. O-O O-O 13. Re1 Rab8 14. Bd2
Rfc8 15. Re2 a6 16. Rc1 b5 17. Qd1 a5 18. Qe1 Bf4 19. Bxf4 Qxf4 20. Rec2 Rb6
21. Qe2 Qb8 22. g3 Nd7 23. Nh4 Rc7 24. f4 b4 25. Nf3 bxc3 26. bxc3 Rcb7 27. Ne5
Ndxe5 28. fxe5 a4 29. Rd2 Na5 30. Bc2 Nc4 31. Rdd1 Rb2 32. Qd3 g6 33. Rf1 Rxa2
34. Rf6 Qe8 35. Bb1 Rd2 36. Qf3 Rbb2 37. Re1 Rxh2 38. Bd3 a3 39. Bxc4 dxc4 40.
Rf1 a2 41. Qe4 Rhe2 42. Qf3 Rg2+ 43. Qxg2 Rxg2+ 44. Kxg2 Qa8+ 45. Kh3 a1=Q 46.
Rxf7 0-1

[Event "Central London Open"]
[Site "London"]
[Date "2022.11.05"]
[Round "2.5"]
[White "Lucchi, Lorenzo"]
[Black "Iyengar, Ilya"]
[Result "0-1"]
[WhiteElo "2111"]
[BlackElo "1979"]
[PlyCount "76"]
[EventDate "2022.11.04"]
[EventType "swiss"]
[EventRounds "5"]
[EventCountry "ENG"]
[SourceTitle "BritBase"]
[Source "John Saunders"]
[SourceDate "2023.06.01"]
[SourceVersion "1"]
[SourceVersionDate "2023.06.01"]
[SourceQuality "1"]

1. e4 c5 2. Nf3 e6 3. g3 Nc6 4. Bg2 Nf6 5. Nc3 d6 6. O-O Be7 7. d4 cxd4 8. Nxd4
Bd7 9. Ndb5 Qb8 10. Bf4 Ne5 11. Qe2 a6 12. Nd4 b5 13. a3 O-O 14. Rad1 Rd8 15.
Bg5 Ra7 16. f4 Nc4 17. b3 Nxa3 18. e5 dxe5 19. fxe5 Nd5 20. Bxe7 Nxe7 21. Qf2
Be8 22. Ne4 Rc7 23. Nd6 Ng6 24. Be4 Qb6 25. Bxg6 hxg6 26. Rd3 Qc5 27. Rf3 Qxe5
28. Nxe8 Rxe8 29. Rxf7 Rcc8 30. Re1 Qd5 31. c3 e5 32. Rf1 exd4 33. Rxg7+ Kxg7
34. Qf6+ Kh7 35. Rf4 Re1+ 36. Kf2 Re5 37. Qh4+ Kg8 38. Qf6 Qe6 0-1

[Event "Central London Open"]
[Site "London"]
[Date "2022.11.05"]
[Round "2.6"]
[White "Chauhan, Pranay"]
[Black "Tozer, Philip A A"]
[Result "0-1"]
[WhiteElo "1923"]
[BlackElo "2082"]
[PlyCount "75"]
[EventDate "2022.11.04"]
[EventType "swiss"]
[EventRounds "5"]
[EventCountry "ENG"]
[SourceTitle "BritBase"]
[Source "John Saunders"]
[SourceDate "2023.06.01"]
[SourceVersion "1"]
[SourceVersionDate "2023.06.01"]
[SourceQuality "1"]

1. Nf3 Nf6 2. g3 b6 3. Bg2 Bb7 4. O-O e6 5. c4 c5 6. Nc3 Be7 7. d4 cxd4 8. Qxd4
O-O 9. e4 d6 10. b3 Nbd7 11. Bb2 a6 12. Rfd1 Qc7 13. Rac1 Rac8 14. Ne1 Qb8 15.
Nc2 Rfd8 16. Ne3 Ba8 17. Qd3 Nc5 18. Qb1 b5 19. b4 Ncd7 20. cxb5 axb5 21. Qd3
Bc6 22. f4 Nb6 23. Nxb5 Na4 24. Rxc6 Rxc6 25. Nd4 Rcc8 26. Ba1 Qxb4 27. f5 Nc5
28. Qe2 e5 29. Ndc2 Qa4 30. Nc4 Ncxe4 31. N2e3 Qa7 32. Re1 Rc5 33. Kh1 Rdc8 34.
Bb2 Rxc4 35. Nxc4 Rxc4 36. Bxe4 Rxe4 37. Qd2 Rxe1+ 38. Qxe1 0-1